000 00780nam a2200265Ia 4500
005 20260429111957.0
008 260429s9999||||xx |||||||||||||| ||und||
020 _a9781800615045
041 _aEnglish
082 _a005.711
_bTAL
100 _aTalia, Domenico
245 0 _aProgramming big data applications :
_bscalable tools and frameworks for your needs /
_cDomenico Talia
260 _aSingapore :
_bWorld Scientific Publishing,
_c2024.
300 _axix, 275 p.; hb
650 _a Big data
650 _a Computer data
650 _a Data programming
650 _aComputer science
700 _a Belcastro, Loris
700 _a Cantini, Riccardo
700 _a Marozzo, Fabrizio
700 _a Orsino, Alessio
700 _a Trunfio, Paolo
942 _cTB
999 _c51713
_d51713